000 nam a22 a 4500
999 _c326241
_d326241
003 BLK
005 20181122155315.0
008 181114b bu ||||| |||| 00| 0 bu d
020 _a978-619-01-0169-7
040 _aBLK
041 _aBUL
_cBUL
080 _aДраматични театри. Театри за драма и комедия. Вж и 82-2
_b792.2
_x.071.2(470)(092)
_z792.2.071.2(470)(092)
080 _aДраматични театри. Театри за драма и комедия. Вж и 82-2
_b792.2
_x.03(470)
_z792.2.03(470)
100 _9390674
_aМайерхолд, Всеволод Емилович
_eпърви автор
139 _aМайерхолд, Всеволод Емилович
_bМ 12
245 _aТеатърът теория и практика
246 _aТеатърът. Теория и практика
260 _9210881
_aСофия
_bИзток-Запад
_c2018
300 _a576 с.
_c23 см
380 _a7
490 _9208485
_aБиблиотека Тезаурус
500 _aПрев. по: Статьи, письма, рече, беседы / В. Э. Мейерхольд Загл. на предзагл. с.: Театърът. Теория и практика Да създаваш, когато разрушаваш / Владимир Игнатовски
650 7 _9173254
_aТеатър
653 7 _9181990
_aбиографии
653 7 _9195884
_aРусия
700 _9966
_aИгнатовски, Владимир
_eпрев.
700 _9390420
_aСилвия Кавданска
_eкор.
700 _9639
_aКозарев, Любен Илиев
_eкомпютърна обраб.
700 _9755
_aМарио Йорданов
_eоформление
852 _aЦб 291612
_bЦб
942 _cKNG
_n0
944 _aCR
_c2018-11-14
_kКристиан Велковски
_l2018-11-14
999 _d326241
999 _d326241